Biblioteca

Las culturas indígenas ecuatorianas y el Instituto Lingüístico de Verano (Registro nro. 67268)

Detalles MARC
000 -LÍDER
Campo fijo de descripción fija 01155nam a2200325 i 4500
001 - NÚMERO DE CONTROL
Campo de control 768714001
003 - IDENTIFICADOR DEL NÚMERO DE CONTROL
Campo de control CO-MdFUSB
005 - FECHA Y HORA DE LA ULTIMA TRANSACCIÓN
control field 20240618062722.0
007 - CAMPO FIJO DE DESCRIPCIÓN FIJA--INFORMACIÓN GENERAL
Campo fijo de descripción fija ta
008 - ELEMENTOS DE LONGITUD FIJA -- INFORMACIÓN GENERAL
Campo fijo de descripción fija -- Información general 220219t1992 ec acd|| |||| 00| 0 spa d
020 ## - NÚMERO INTERNACIONAL NORMALIZADO PARA LIBROS
Número Internacional Normalizado del libro 9978821694
040 ## - FUENTE DE CATALOGACIÓN
Agencia de catalogación original CO-MdFUSB
Idioma de catalogación spa
Agencia que realiza la transcripción CO-MdFUSB
Agencia que realiza la modificación CO-MdFUSBC
Convenciones de la descripción rda
041 ## - CÓDIGO DE IDIOMA
Código de idioma para texto/pista de sonido o título separado spa
082 ## - NÚMERO DE CLASIFICACIÓN DECIMAL DEWEY
Número de la edición del Dewey 23
Número de clasificación 305.8986
Clave de autor-Numero de item B275
100 ## - ASIENTO PRINCIPAL--NOMBRE PERSONAL
Nombre personal Barriga López, Franklin,
Término relacionador autor
245 #3 - TÍTULO
Título del Material Las culturas indígenas ecuatorianas y el Instituto Lingüístico de Verano
Mención de responsabilidad, etc. / Franklin Barriga López
264 #1 - PRODUCCIÓN, PUBLICACIÓN, DISTRIBUCIÓN, MANUFACTURA, Y COPYRIGHT
Lugar de producción, publicación, distribución, manufactura Buenos Aires, Argentina :
Nombre del productor, publicador, distribuidor Ediciones Amauta,
Fecha de producción, publicación, distribución, manufactura, o copyright [1992]
264 #4 - PRODUCCIÓN, PUBLICACIÓN, DISTRIBUCIÓN, MANUFACTURA, Y COPYRIGHT
Fecha de producción, publicación, distribución, manufactura, o copyright © 1992
300 ## - DESCRIPCIÓN FÍSICA
Extensión 453 páginas
Dimensiones ; 23 cm
336 ## - TIPO DE CONTENIDO
Fuente rdacontent
Término de tipo de contenido texto
Código de tipo de contenido txt
337 ## - TIPO DE MEDIO
Fuente rdamedia
Nombre del tipo de medio sin mediación
Código del tipo de medio n
338 ## - TIPO DE SOPORTE
Fuente rdacarrier
Nombre del tipo de soporte volumen
Código Tipo de soporte nc
505 ## - NOTA DE CONTENIDO
Nota de contenido con formato preestablecido ¿Grupos étnicos o nacionalidades? -- Acusaciones en contra del ILV. -- Testimonios de personalidades ecuatorianas, de la prensa nacional y de líderes indígenas.
563 ## - NOTA DE ENCUADERNACIÓN
Nota de encuadernación Rústico
650 #0 - ASIENTO SECUNDARIO DE MATERIA - TERMINO TEMÁTICO
Término temático o nombre geográfico como elemento de entrada Misiones
9 (RLIN) 154
650 #0 - ASIENTO SECUNDARIO DE MATERIA - TERMINO TEMÁTICO
9 (RLIN) 691
Término temático o nombre geográfico como elemento de entrada Indígenas
Subdivisión general Lenguaje
Subdivisión geográfica América Latina
653 ## - TÉRMINO DE INDIZACIÓN - NO CONTROLADO
Término no controlado Grupos indígenas de América del Sur
942 ## - TIPO DE MATERIAL (KOHA)
Tipo de Item KOHA Libros General
945 ## - INFORMACIÓN LOCAL DEL REGISTRO
Catalogador JTF-925
Existencias
Estado de Material Estado de Perdido Forma de Clasificación Estado de Dañado No para Préstamo Colección Biblioteca de Origen Biblioteca Permanente Fecha de Adquisición Área Total de Préstamos Signatura Topográfica Código de Barras Última vez visto Ejemplar/Existencia Fecha de Remplazo Tipo de Material
    Dewey Decimal Classification     Colección General Biblioteca FUSBC Biblioteca FUSBC 19/02/2022 CULTURA Y COSTUMBRES   G 305.8986 B275c 23052 19/02/2022 Ej.1 19/02/2022 Libros General

Biblioteca FUSBC | Teléfono: (57+4) 349 88 10 Ext. 141| WhatsApp (+57) 3005338115 
E-mail: biblioteca@unisbc.edu.co | Calle 76 87-14 Robledo Palenque, Medellín, Colombia

Con tecnología Koha